<?xml version="1.0" encoding="UTF-8"?>
<record
    xmlns:xsi="http://www.w3.org/2001/XMLSchema-instance"
    xsi:schemaLocation="http://www.loc.gov/MARC21/slim http://www.loc.gov/standards/marcxml/schema/MARC21slim.xsd"
    xmlns="http://www.loc.gov/MARC21/slim">

  <leader>01805nam a22002537a 4500</leader>
  <controlfield tag="005">20211106114421.0</controlfield>
  <controlfield tag="008">211106b           ||||| |||| 00| 0 eng d</controlfield>
  <datafield tag="020" ind1=" " ind2=" ">
    <subfield code="a">8174764917</subfield>
  </datafield>
  <datafield tag="040" ind1=" " ind2=" ">
    <subfield code="c">AL</subfield>
  </datafield>
  <datafield tag="041" ind1=" " ind2=" ">
    <subfield code="a">eng</subfield>
  </datafield>
  <datafield tag="082" ind1=" " ind2=" ">
    <subfield code="2">23</subfield>
    <subfield code="a">623.45</subfield>
    <subfield code="b">SABI</subfield>
  </datafield>
  <datafield tag="100" ind1=" " ind2=" ">
    <subfield code="a">SABHERWAL (O P)</subfield>
    <subfield code="9">9771</subfield>
  </datafield>
  <datafield tag="245" ind1=" " ind2=" ">
    <subfield code="a">India's Tryst with The Atom: Unfolding the Nuclear Story</subfield>
  </datafield>
  <datafield tag="260" ind1=" " ind2=" ">
    <subfield code="a">New Delhi</subfield>
    <subfield code="b">UBS Publishers Pvt Ltd</subfield>
    <subfield code="c">New Delhi</subfield>
  </datafield>
  <datafield tag="300" ind1=" " ind2=" ">
    <subfield code="a">xxiv,396 p.</subfield>
    <subfield code="b">HB</subfield>
    <subfield code="c">22x14 cm.</subfield>
  </datafield>
  <datafield tag="365" ind1=" " ind2=" ">
    <subfield code="b">525.00</subfield>
    <subfield code="c">&#x20B9;</subfield>
    <subfield code="d">525.00</subfield>
  </datafield>
  <datafield tag="520" ind1=" " ind2=" ">
    <subfield code="a">India'S Tryst With The Atom Is The First Comprehensive Book On India'S Nuclear Programme - Peaceful Applications As Well As The Nuclear Weapon Option. The Book Gives An Overview Of The Indian Nuclear Scenario - The Confluence Of Nehru And Bhabha Which Laid A Sound Foundation; An Umbrella Organization For Nuclear Technology Acquisitions, Freed From Bureaucratic Tentacles, Where Science Was In Command; Building Nuclear Infrastructure And A Chain Of R &amp; D Centres For Advanced Nuclear Technologies, Round Which India'S Nuclear Edifice Has Been Built. The Book Gives An Insight Into What It Calls Disentangling Advanced Science And Technology From Political Manipulations, Nuclear Diplomacy, And The Games Played By The Big Powers To Impede India'S Nuclear Quest. The Book Is The Story Of A Nuclear Dream Come True. The Book Unfolds Indian Nuclear Establishment'S Great Work In Bending Nuclear Technology For Indian Humanity - In Medicine, Agriculture And Food Preservation, Hydrology, Water Management, And For Providing Cutting Edge Technology To Indian Industry.</subfield>
  </datafield>
  <datafield tag="650" ind1=" " ind2=" ">
    <subfield code="a">Military And Nautical Engineering</subfield>
    <subfield code="9">9772</subfield>
  </datafield>
  <datafield tag="650" ind1=" " ind2=" ">
    <subfield code="a">Nuclear Technology</subfield>
    <subfield code="9">9773</subfield>
  </datafield>
  <datafield tag="650" ind1=" " ind2=" ">
    <subfield code="a">Nuclear Weapons</subfield>
    <subfield code="9">9774</subfield>
  </datafield>
  <datafield tag="650" ind1=" " ind2=" ">
    <subfield code="a">Nuclear Energy</subfield>
    <subfield code="9">9775</subfield>
  </datafield>
  <datafield tag="700" ind1=" " ind2=" ">
    <subfield code="a">SABHERWAL (O P)</subfield>
    <subfield code="9">9771</subfield>
  </datafield>
  <datafield tag="942" ind1=" " ind2=" ">
    <subfield code="2">ddc</subfield>
    <subfield code="c">GF</subfield>
  </datafield>
  <datafield tag="999" ind1=" " ind2=" ">
    <subfield code="c">220410</subfield>
    <subfield code="d">220410</subfield>
  </datafield>
  <datafield tag="952" ind1=" " ind2=" ">
    <subfield code="0">0</subfield>
    <subfield code="1">0</subfield>
    <subfield code="2">ddc</subfield>
    <subfield code="4">0</subfield>
    <subfield code="7">0</subfield>
    <subfield code="8">GEN</subfield>
    <subfield code="a">AL</subfield>
    <subfield code="b">AL</subfield>
    <subfield code="d">2013-03-24</subfield>
    <subfield code="l">0</subfield>
    <subfield code="o">623.45 SABI</subfield>
    <subfield code="p">GF00457</subfield>
    <subfield code="r">2021-11-06 00:00:00</subfield>
    <subfield code="w">2021-11-06</subfield>
    <subfield code="y">GF</subfield>
  </datafield>
</record>
